000 01038nam0a22002771 4500
001 rc\132816
005 20260406071150.0
010 _a5-87224-030-9
_920000
035 _a(NLR Aleph) 005406778
090 _a7331179
_c7331179
100 _a20030307d1993 u y0rusy50 ca
101 0 _arus
102 _aRU
105 _ay |||||||||
200 1 _aСемейная терапия
_eКн., углубляющая наши познания о том, как быть человеком
_e[Перевод]
_fРичард Бэндлер, Джон Гриндер, Вирджиния Сатир
210 _aВоронеж
_cНПО "МОДЭК"
_d1993
215 _a127, [1] с.
_d21
225 1 _aПсихотерапия новой волны
700 1 _8rus
_7ca
_aБэндлер
_bР.
_gРичард
_3RU\NLR\AUTH\7727554
_910586
701 1 _aГриндер
_bД.
_gДжон
701 1 _aСатир
_bВ.
_gВирджиния
801 0 _aRU
_bNLR
_gpsbo
801 1 _aRU
_bELAR
_2rusmarc
852 _aNLR
_j93-3/6870
942 _cBOOK
980 _aNB